000 00685nam a22001937a 4500
999 _c173068
_d173068
005 20200218121513.0
010 _aENG-127897
020 _c1095.00
_a9780199489411
035 _aEN-111429
037 _bDBAD/PUB
082 _a305.8009541
100 _aGuite, Jangkhomang
245 _aAgainst state, against history :
_cby Guite, Jangkhomang
_bfreedom, resistance, and statelessness in upland Northeast India/
260 _aNew Delhi
_c2019
_bOxford University Press
270 _a2/11 Ground Floor,Ansari Road,Dariyaganj
_e110002
_bNew Delhi
300 _axvii;301p.
_b23(hb)
500 _aincludes bibliographical references and index
942 _2ddc
_cEN
_hMAH
_k305.8009541